Elektronický podpis a čo s ním súvisí

Elektronický podpis a infraštruktúra verejného kľúča. Oblasti použitia elektronického podpisu a jeho zrovnoprávnenie. Druhy elektronického podpisu. Statický, jednorazový a digitálny podpis. Čas vytvorenia podpisu.

Salvato in:
Dettagli Bibliografici
Autore principale: Rexa, Radimír
Natura: Capitolo di libro
Lingua:slovacco
Soggetti:
Tags: Aggiungi Tag
Nessun Tag, puoi essere il primo ad aggiungerne!!

MARC

LEADER 00000naa a2200000 4500
001 r045390
005 20231002114512.6
041 0 |a slo 
044 |a SK 
245 1 0 |a Elektronický podpis  |b a čo s ním súvisí  |c Radimír Rexa 
520 |a Elektronický podpis a infraštruktúra verejného kľúča. Oblasti použitia elektronického podpisu a jeho zrovnoprávnenie. Druhy elektronického podpisu. Statický, jednorazový a digitálny podpis. Čas vytvorenia podpisu. 
610 2 0 |a podpis elektronický 
610 2 0 |a pojmy 
610 2 0 |a úpravy právne 
610 2 0 |a Slovensko 
100 1 |a Rexa, Radimír